Účtovanie nákladov na hospodársku činnosť (nové)

Salvato in:
Dettagli Bibliografici
Autore principale: Meluchová, Jitka, 1965-
Natura: Capitolo di libro
Lingua:slovacco
Soggetti:
Tags: Aggiungi Tag
Nessun Tag, puoi essere il primo ad aggiungerne!!

MARC

LEADER 00000naa a2200000 4500
001 0183918
005 20240502073142.2
041 0 |a slo 
044 |a SK 
245 1 0 |a Účtovanie nákladov na hospodársku činnosť (nové)  |c Jitka Meluchová 
610 2 0 |a účtovanie nákladov 
610 2 0 |a činnosť hospodárska 
100 1 |a Meluchová, Jitka, 1965-